Sistema interactivo para centrales digitales E10B.
Sparad:
| Huvudupphovsman: | |
|---|---|
| Materialtyp: | Bok |
| Publicerad: |
San José, Costa Rica
1988
|
| Ämnen: | |
| Taggar: |
Lägg till en tagg
Inga taggar, Lägg till första taggen!
|
MARC
| LEADER | 00000nam a2200000Ia 4500 | ||
|---|---|---|---|
| 003 | 004652 | ||
| 005 | 20221231144343.0 | ||
| 008 | 140114s1988 cr a m 000 ||s d | ||
| 040 | |c cru CEDI | ||
| 090 | |a TFG 2130 | ||
| 100 | |a Sequeira Solórzano, José Joaquín |9 10368 | ||
| 245 | |a Sistema interactivo para centrales digitales E10B. | ||
| 260 | |c 1988 |a San José, Costa Rica | ||
| 300 | |a 144 hojas ; 28 cm | ||
| 500 | |a Proyecto de graduación (bachillerato en ingeniería eléctrica)--Universidad de Costa Rica. Facultad de Ingeniería. Escuela de Ingeniería Eléctrica | ||
| 650 | |x REDES ELECTRICAS |x PROCESAMIENTO DE DATOS |9 13545 | ||
| 942 | |c TFG |2 ddc | ||
| 999 | |c 20612 |d 20612 | ||
